00776nas a2200325 4500000000100000008004100001260001300042653001000055653001200065653001800077653002300095653001000118653002100128653001500149653001100164653002700175653002300202653001200225653000900237653002400246653003200270653000900302653000900311100001400320245005200334300001100386490000700397050003200404022001400436 1979 d c1979 Jul10aAdult10aAnimals10aAscorbic Acid10aAsia, Southeastern10aChild10aChild, Preschool10aCricetinae10aHumans10aImmune System Diseases10aImmunity, Cellular10aleprosy10aMice10aNutrition Disorders10aProtein-Energy Malnutrition10aRats10aRisk1 aEdelman R00aMalnutrition and leprosy--an analytical review. a376-880 v51 aInfolep Library - available a0024-1024